Statistics for Internal combustion engine parts quiz

Click here to take the quiz!

General Stats

  • This quiz has been taken 107 times
  • The average score is 7 of 15

Answer Stats

What is...Answer% Correct
the device that produces electricityalternator
80%
the part that fires the fuel/air chargespark plug
79%
the part that seals two surfacesgasket
60%
the part that transfers power from the engine to the gearboxclutch
57%
the part that keeps the engine lubricatedoil pump
56%
the part that drives the coolant around the enginewater pump
55%
the abbreviation for an engine with 2 camshafts in the cylinder headDOHC
51%
the process in a 4 cycle engine that pulls the fuel air charge into the cylinderintake
51%
the element in air that produces NoX if the engine is running too leannitrogen
35%
the part that opens the inlet and exhaust valves in a pushrod engine?rocker
33%
the part that regulates the flow of coolantthermostat
33%
the device that produces up to 40,000 voltscoil
29%
the 'disc' like part that drives, or is driven by, the fan beltpulley
27%
the name for the top of the pistoncrown
7%
the largest casting in the enginecylinder block
7%

Score Distribution

Percentile by Number Answered

Percent of People with Each Score

Your Score History

You have not taken this quiz